000 01690nam a2200265 a 4500
003 AM-YeHGA
005 20250618075019.0
008 041216s1936 ai a||||r|||||000|0|rus||
040 _aAM-YeHGA
041 0 _arus
100 1 _aՄարջանյան, Գեդեոն Միսակի,
_d1907-1977
_92387
245 1 0 _aО некоторых вопросах, связанных с применением пиретрума в качестве инсектисида =
_bOf Some Questions connected with Application Pyrethrum as Insecticids /
_cГ.М. Марджанян ; НКЗ ССР Армении, Н/и станция защиты растений.
246 1 1 _aOf Some Questions connected with Application Pyrethrum as Insecticids
260 _aЕреван :
_bСельхозгиз ,
_c1936.
300 _a23 с., [1] л. ил. ;
_c23 см.
490 1 _aНаучная серия/ НКЗ ССР Армении. Науч. исслед. станция защиты растений
_v№ 5
504 _aБиблиогр. : с. 21-23
546 _aЗагл. также на англ. яз ; загл. сер. и вых. данные также на арм. яз.
650 1 4 _aСельскохозяйственные культуры
_xБолезни и вредители
650 1 4 _aРастениеводство
_xЯдовитые растения
710 2 _aНаучно-исследовательская станция защиты растений НКЗ ССР Армении
830 0 _aНаучная серия/ НКЗ ССР Армении. Науч. исслед. станция защиты растений
_v№ 5
942 _2udc
_cBK
090 _c424341
999 _c421926
_d421926